| 000 | 01001nam a2200265Ia 4500 | ||
|---|---|---|---|
| 003 | OSt | ||
| 005 | 20221005112209.0 | ||
| 006 | a|||||r|||| 00| 0 | ||
| 007 | ta | ||
| 008 | 221004b |||||||| |||| 00| 0 pan d | ||
| 020 |
_a9788189735272 (hbk) _cINR 300.00 |
||
| 024 | _a35393 | ||
| 037 |
_b1003, 13/11/2017, H.K. Prakashan _cTextual |
||
| 040 |
_aCRL _cCRL _bpan |
||
| 041 |
_2pan _apan |
||
| 082 | _aO153,1:g, Q7 | ||
| 100 | _aਮਾਨ, ਰਵਿੰਦਰ ਸਿੰਘ, ਂਚ. | ||
| 245 | 0 | _aਮਾਲਵੇ ਦੀ ਕਵੀFਰੀ | |
| 260 |
_aਅੰਮ੍ਰਿਤਸਰ _bਪੰਜਾਬੀ ਰਾਈਟਰਗ਼ ਕੋਆਪਰੇਟਿਵ ਸੋਸਾਇਟੀ ਭਾਰਤ _c2017 |
||
| 300 |
_a176ਪੰ _ccm. |
||
| 650 | _a ਪੰਜਾਬੀ ਕਾਵਿ | ||
| 650 | _aਪੰਜਾਬੀ ਸਾਹਿਤ | ||
| 942 |
_hO153,1:g, Q7 _cTEXL _2cc |
||
| 999 |
_c1024155 _d1024155 |
||